书目信息 |
| 题名: |
多源协同陆表定量遥感产品生产技术与系统
|
|
| 作者: | 仲波 , 李宏益 , 柳钦火 著 | |
| 分册: | ||
| 出版信息: | 北京 科学出版社 2018 |
|
| 页数: | 226页 | |
| 开本: | 27cm | |
| 丛书名: | ||
| 单 册: | ||
| 中图分类: | TP701 | |
| 科图分类: | ||
| 主题词: | 遥感数据--Yao Gan Shu Ju--数据处理--研究 | |
| 电子资源: | ||
| ISBN: | 978-7-03-058877-7 | |
| 000 | 00891nam0 2200277 450 | |
| 001 | 012001001183 | |
| 005 | 20131107154151.0 | |
| 010 | @a978-7-03-058877-7@dCNY198.00 | |
| 099 | @aCAL 012018140273 | |
| 100 | @a20181106d2018 ekmy0chiy50 ea | |
| 101 | 0 | @achi |
| 102 | @aCN@b110000 | |
| 105 | @aabk a 000yy | |
| 106 | @ar | |
| 200 | 1 | @a多源协同陆表定量遥感产品生产技术与系统@ADuo Yuan Xie Tong Lu Biao Ding Liang Yao Gan Chan Pin Sheng Chan Ji Shu Yu Xi Tong@f仲波 ... [等] 著 |
| 210 | @a北京@c科学出版社@d2018 | |
| 215 | @a226页@c图, 地图@d27cm | |
| 304 | @a其他责任者还有李宏益,柳钦火等 | |
| 320 | @a有书目 | |
| 606 | 0 | @a遥感数据@AYao Gan Shu Ju@x数据处理@x研究 |
| 690 | @aTP701@v5 | |
| 701 | 0 | @a仲波@AZhong Bo@4著 |
| 701 | 0 | @a李宏益@ALi Hong Yi@4著 |
| 701 | 0 | @a柳钦火@ALiu Qin Huo@4著 |
| 801 | 0 | @aCN@b北京卓展文化@c20191020 |
| 905 | @b1197699-701@dTP701@e59@f3 | |
| 多源协同陆表定量遥感产品生产技术与系统/仲波 ... [等] 著.-北京:科学出版社,2018 |
| 226页:图, 地图;27cm |
| ISBN 978-7-03-058877-7:CNY198.00 |
| ● |
| 相关链接 |
|
|
|
|
正题名:多源协同陆表定量遥感产品生产技术与系统
索取号:TP701/59
 
预约/预借
| 序号 | 登录号 | 条形码 | 馆藏地/架位号 | 状态 | 备注 |
| 1 | 1197699 | 211976995 | 第二样本阅览室/ [索取号:TP701/59] | 在馆 | |
| 2 | 1197700 | 211977002 | 第三借阅区/ [索取号:TP701/59] | 在馆 | |
| 3 | 1197701 | 211977011 | 第三借阅区/ [索取号:TP701/59] | 在馆 |